<?xml version='1.0' encoding='UTF-8'?>
  <record xmlns="http://www.loc.gov/MARC21/slim">
    <leader>00000ctm a22000007i 4500</leader>
    <controlfield tag="001">ocn965407623</controlfield>
    <controlfield tag="003">OCoLC</controlfield>
    <controlfield tag="005">20251008151247.6</controlfield>
    <controlfield tag="008">100401q12901490ne            000 0 lat d</controlfield>
    <datafield tag="040" ind1=" " ind2=" ">
      <subfield code="a">QGJ</subfield>
      <subfield code="b">dut</subfield>
      <subfield code="c">QGJ</subfield>
      <subfield code="d">QGJ</subfield>
      <subfield code="d">OCLCL</subfield>
      <subfield code="d">OCLCQ</subfield>
    </datafield>
    <datafield tag="035" ind1=" " ind2=" ">
      <subfield code="a">(OCoLC)965407623</subfield>
    </datafield>
    <datafield tag="100" ind1="0" ind2=" ">
      <subfield code="a">Hieronymus Stridonensis,</subfield>
      <subfield code="d">ca. 349-420.</subfield>
    </datafield>
    <datafield tag="245" ind1="1" ind2="0">
      <subfield code="a">Explanationes in Epistolas Pauli ad Galatas, ad Titum, ad Philemonem /</subfield>
      <subfield code="c">Hieronymus Stridonensis.</subfield>
      <subfield code="f">UBU Hs. 102.</subfield>
    </datafield>
    <datafield tag="246" ind1="1" ind2=" ">
      <subfield code="a">Explanatio in Epistolam Pauli ad Galathas</subfield>
    </datafield>
    <datafield tag="246" ind1="1" ind2=" ">
      <subfield code="a">Explanatio in Epistolam Pauli ad Titum</subfield>
    </datafield>
    <datafield tag="246" ind1="1" ind2=" ">
      <subfield code="a">Explanatio in Epistolam Pauli ad Philemonem</subfield>
    </datafield>
    <datafield tag="246" ind1="1" ind2=" ">
      <subfield code="a">Epistolae Pauli ad Romanos, ad Corinthios 1-2, ad Galatas met glossa ordinaria en interlinearis</subfield>
    </datafield>
    <datafield tag="246" ind1="1" ind2=" ">
      <subfield code="a">Epistolae Pauli ad Titum, ad Philemon</subfield>
    </datafield>
    <datafield tag="260" ind1=" " ind2=" ">
      <subfield code="a">Utrecht :</subfield>
      <subfield code="b">Karthuizerklooster Nieuwlicht of Bloemendaal,</subfield>
      <subfield code="c">[ca. 1290-1490]</subfield>
    </datafield>
    <datafield tag="300" ind1=" " ind2=" ">
      <subfield code="a">172 fol. :</subfield>
      <subfield code="b">ill. ;</subfield>
      <subfield code="c">250 x 155 (175 x 135) mm.</subfield>
    </datafield>
    <datafield tag="336" ind1=" " ind2=" ">
      <subfield code="a">text</subfield>
      <subfield code="b">txt</subfield>
      <subfield code="2">rdacontent</subfield>
    </datafield>
    <datafield tag="337" ind1=" " ind2=" ">
      <subfield code="a">unmediated</subfield>
      <subfield code="b">n</subfield>
      <subfield code="2">rdamedia</subfield>
    </datafield>
    <datafield tag="338" ind1=" " ind2=" ">
      <subfield code="a">volume</subfield>
      <subfield code="b">nc</subfield>
      <subfield code="2">rdacarrier</subfield>
    </datafield>
    <datafield tag="340" ind1=" " ind2=" ">
      <subfield code="a">perkament</subfield>
      <subfield code="k">littera hybrida, littera textualis (fol. 108r-163v)</subfield>
    </datafield>
    <datafield tag="500" ind1=" " ind2=" ">
      <subfield code="a">Fol. 108r-163v dateert uit de 13de eeuw en werd in de 15de eeuw voltooid en samengebonden met de andere teksten.</subfield>
    </datafield>
    <datafield tag="500" ind1=" " ind2=" ">
      <subfield code="a">Bevat: Explanatio in Epistolam Pauli ad Galathas (fol. 4r-70r), Explanatio in Epistolam Pauli ad Titum (fol. 72r-95v), Explanatio in Epistolam Pauli ad Philemonem (fol. 98r-107v); Epistolae Pauli ad Romanos, ad Corinthios 1-2, ad Galatas (tot 3.3) met glossa ordinaria en interlinearis (fol. 108r-163v), ad Galatas (vervolg, fol. 164r-169r) , ad Titum (fol. 169r-171v), ad Philemonem (171v-172v).</subfield>
    </datafield>
    <datafield tag="500" ind1=" " ind2=" ">
      <subfield code="a">Fol. 4r-70r en fol. 164r-172v: geschreven door Hector van Moerdrecht; fol. 72r-95v geschreven door Henricus de Delf; fol. 98r-107v geschreven door Henricus Bor.</subfield>
    </datafield>
    <datafield tag="500" ind1=" " ind2=" ">
      <subfield code="a">Onbeschreven: fol. 71, 96-97.</subfield>
    </datafield>
    <datafield tag="524" ind1=" " ind2=" ">
      <subfield code="a">Te citeren als: Universiteitsbibliotheek Utrecht Hs. 102.</subfield>
    </datafield>
    <datafield tag="563" ind1=" " ind2=" ">
      <subfield code="a">Nieuwe 20e eeuwse leren band over de originele houten platten, blindgestempeld met ruitpatroon gevormd door diagonale tripellijnen, 2 nieuwe klampsluitingen.</subfield>
    </datafield>
    <datafield tag="500" ind1=" " ind2=" ">
      <subfield code="a">Restauratierapport aanwezig.</subfield>
    </datafield>
    <datafield tag="500" ind1=" " ind2=" ">
      <subfield code="a">Illustrations: Penwerkinitialenmet penwerkversiering in Utrechtse stijl.</subfield>
    </datafield>
    <datafield tag="581" ind1=" " ind2=" ">
      <subfield code="a">[P.A. Tiele], Catalogus codicum manu scriptorum Bibliothecae Universitatis Rheno-Trajectinae. I. Trajecti ad Rhenum / Hagae Comitis 1887. p. 28-29.</subfield>
    </datafield>
    <datafield tag="581" ind1=" " ind2=" ">
      <subfield code="a">[A. Hulshof], Catalogus codicum manu scriptorum Bibliothecae Universitatis Rheno-Traiectinae. II. Traiecti ad Rhenum 1909. p. 6.</subfield>
    </datafield>
    <datafield tag="581" ind1=" " ind2=" ">
      <subfield code="a">J.P. Gumbert, Manuscrits datés conservés dans les Pays-Bas. Vol. 2: Les manuscrits d'origine néerlandaise (XIVe-XVIe siècles) et Suppl. au tome premier. Leiden etc. 1988. p. 182 (sub nr. 633), 189 (sub nr. 651).</subfield>
    </datafield>
    <datafield tag="581" ind1=" " ind2=" ">
      <subfield code="a">G. Gerritsen-Geywitz, 'Sichel, Krause und lange Linien. Utrechter Fleuronnée im zweiten Viertel des fünfzehnten Jahrhunderts', in: Quaerendo 33 (2003) 1-2, p. 96-118. p. 114.</subfield>
    </datafield>
    <datafield tag="581" ind1=" " ind2=" ">
      <subfield code="a">J.P. Gumbert, Die Utrechter Kartäuser und ihre Bücher im frühen fünfzehnten Jahrhundert. Leiden 1974. p. 322-323, passim, afb. 151.</subfield>
    </datafield>
    <datafield tag="581" ind1=" " ind2=" ">
      <subfield code="a">J.P. Gumbert, 'Codicological units. Towards a terminology for the stratigraphy of the non-homogeneous codex', in: Segno e testo 2 (2004), p. 17-42. p. 28 nt. 21.</subfield>
    </datafield>
    <datafield tag="581" ind1=" " ind2=" ">
      <subfield code="a">A.S. Korteweg, 'The master of Catherine of Cleves. Unique genius of teamwork?', in: The hours of Catherine of Cleves. Devotion, demons and daily life in the fifteenth century. Tent. cat. Museum Het Valkhof, Nijmegen. [Antwerpen etc.] 2009, p. 44-73 p.71 nt. 27.</subfield>
    </datafield>
    <datafield tag="581" ind1=" " ind2=" ">
      <subfield code="a">B. Lambert, Bibliotheca Hieronymiana manuscripta. La tradition manuscrite des oeuvres de Saint Jérôme, I-IV. Steenbrugis etc. 1969-1972. (= Instrumenta patristica 4). dl. II, p. 291.</subfield>
    </datafield>
    <datafield tag="530" ind1=" " ind2=" ">
      <subfield code="a">Also available in online version.</subfield>
    </datafield>
    <datafield tag="655" ind1=" " ind2="7">
      <subfield code="a">Handschriften (vorm)</subfield>
      <subfield code="0">(NL-LeOCL)088143309.</subfield>
      <subfield code="2">gtt</subfield>
    </datafield>
    <datafield tag="700" ind1="1" ind2=" ">
      <subfield code="a">Fabri, Hendrik Symonsz.,</subfield>
      <subfield code="d">-1476.</subfield>
    </datafield>
    <datafield tag="700" ind1="1" ind2=" ">
      <subfield code="a">Hector van Moerdrecht,</subfield>
      <subfield code="d">-1465.</subfield>
    </datafield>
    <datafield tag="700" ind1="1" ind2=" ">
      <subfield code="a">Bor, Hendrik,</subfield>
      <subfield code="d">-1472.</subfield>
    </datafield>
    <datafield tag="710" ind1="2" ind2=" ">
      <subfield code="a">Karthuizerklooster Nieuwlicht of Bloemendaal (Utrecht)</subfield>
      <subfield code="e">former owner.</subfield>
      <subfield code="4">fmo</subfield>
      <subfield code="5">NL-UtRU</subfield>
    </datafield>
    <datafield tag="758" ind1=" " ind2=" ">
      <subfield code="a">UBU Hs. 102 Explanationes in Epistolas Pauli ad Galatas, ad Titum, ad Philemonem (Text)</subfield>
      <subfield code="1">https://id.oclc.org/worldcat/entity/E39PCYqPT8BftkdCJgmbHGGQ4m</subfield>
      <subfield code="4">https://id.oclc.org/worldcat/ontology/hasWork</subfield>
    </datafield>
    <datafield tag="776" ind1="0" ind2="8">
      <subfield code="i">Online version:</subfield>
      <subfield code="a">Hieronymus Stridonensis,</subfield>
      <subfield code="t">Explanationes in Epistolas Pauli ad Galatas, ad Titum, ad Philemonem.</subfield>
      <subfield code="d">Utrecht : Karthuizerklooster Nieuwlicht of Bloemendaal, [ca. 1290-1490]</subfield>
    </datafield>
    <datafield tag="856" ind1="4" ind2="1">
      <subfield code="u">http://objects.library.uu.nl/reader/resolver.php?obj=002311270&amp;type=2</subfield>
      <subfield code="x">Online</subfield>
      <subfield code="z">Full Text</subfield>
    </datafield>
    <datafield tag="936" ind1=" " ind2=" ">
      <subfield code="a">BATCHLOAD</subfield>
    </datafield>
  </record>